Pays commençant par C - Mort subite sur une carte - Statistiques

Statistiques générales
  • Ce quiz a été pris 76 853 fois
  • Le résultat moyen est 10 sur 18
Answers on the Grid
Answers color-coded by a green-red scale on the quiz's grid according to % correct below.
 
Statistiques - réponses
Réponse % Correct
Canada
86%
Canada
78%
Canada
73%
Cuba, Colombie, Costa Rica
70%
Cameroun, Côte d'Ivoire
69%
Canada
67%
Canada
67%
Chine
65%
Chine, Corée du Nord, Corée du Sud
65%
Croatie
61%
Chili
60%
Chine, Cambodge
57%
Chili
53%
Chine
46%
Cap-Vert
27%
Chine
27%
Chypre
23%
Comores
23%
Aucun quiz correspondant
Distribution des résultats
% des personnes avec chaque résultat
Percentile par nombre de réponses
Votre historique - résultats
Vous n’avez pas pris ce quiz